00578nam a2200181Ia 4500003000400000005001700004008004100021020003000062040001700092082001900109100002100128245012200149250001100271260003000282300002600312650003100338700002700369IIN20240102131156.0231217s9999 xx 000 0 und d cRs.3590.00a9788131254196 aIINbEnglish a610.73677bBLA1 aBlack , Joyce M 1 aBlack's Medical - Surgical Nursingb Clinical Management for Positive OutcomescJoyce M Black and Jane Hokanson Hawks a8th ed bElsevieraNew Delhic2020 alxxi, 1182 p. / Vol.11 aMedical Surgical vNursing1 a Hawks, Jane Hokanson